N'djamena Airport Destinations - Statistics

General Stats
  • This quiz has been taken 32 times
  • The average score is 7 of 8
Answer Stats
Country City % Correct
Ethiopia Addis Ababa
100%
Egypt Cairo
100%
Turkey Istanbul
100%
France Paris
100%
Sudan Khartoum
96%
Nigeria Abuja
86%
Niger Niamey
82%
Cameroon Douala
64%
No matching quizzes found
Score Distribution
Percent of People with Each Score
Percentile by Number Answered
Your Score History
You have not taken this quiz